00497nam a2200145Ia 4500008004100000041000800041082001400049100002100063245003800084260004400122300003000166365001100196999001700207952012700224240624s9999 xx 000 0 und d aeng a658.5 ALL aALLEN KATHLEEN R aBRINGING NEW TECHNOLOGY TO MARKET c2005aNew DelhibPrentice-Hall of India axv, : 367 : p. : cm. ; 23 cRSb35 c15000d15000 00104070aIMTNbIMTNcRack 33-Ad2010-04-09eIBHg225.00n1800o658.5 ALLp15000r2024-06-24 00:00:00t1w2024-06-24yBK